New York City Neighborhoods - Sudden Death - Statistics

General Stats
  • This quiz has been taken 156 times
  • The average score is 8 of 20
Answers on the Grid
Answers color-coded by a green-red scale on the quiz's grid according to % correct below.
Dowisetrepla
Morningside Heights
SoHo
Murray Hill
Tribeca
Kensington
Flatbush
Briarwood
Old City
Englewood
Norwood
Willowbrook
Logan Square
Belmont
Bushwick
Little River
Flatiron
Alphabet City
Palace District
Williamsburg
Georgetown
Meatpacking District
Wynwood
Hudson Yards
Manhattanville
Kypseli
Brownsville
Stapleton Heights
Beacon Hill
Briarwood
Greenpoint
The North End
 
Answer Stats
Answer % Correct
SoHo
86%
Flatbush
71%
Tribeca
69%
Morningside Heights
66%
Murray Hill
60%
Flatiron
54%
Hudson Yards
54%
Meatpacking District
51%
Williamsburg
49%
Bushwick
46%
Alphabet City
40%
Greenpoint
34%
Manhattanville
31%
Briarwood
29%
Brownsville
26%
Stapleton Heights
17%
Norwood
14%
Briarwood
11%
Belmont
6%
Willowbrook
3%
No matching quizzes found
Score Distribution
Percent of People with Each Score
Percentile by Number Answered
Your Score History
You have not taken this quiz